Statistiques concernant Subdivisions de la Mongolie

Cliquez ici pour prendre le quiz!

Statistiques générales

  • Ce quiz a été pris 4 fois
  • Le résultat moyen est 8 sur 21

Statistiques - réponses

Aïmags Mongolien% Correct
Arkhangai
100%
Khövsgöl
67%
Töv
67%
Bayankhongor
33%
Bayan-Ölgii
33%
Bulgan
33%
Darkhan-Uul
33%
Dornod
33%
Dornogovi
33%
Dundgovi
33%
Govi-Altai
33%
Govisümber
33%
Khentii
33%
Khovd
33%
Ömnögovi
33%
Orkhon
33%
Övörkhangai
33%
Selenge
33%
Sükhbaatar
33%
Uvs
33%
Zavkhan
33%

Distribution des résultats

Percentile par nombre de réponses

% des personnes avec chaque résultat

Votre développement - résultats

Vous n’avez pas pris ce quiz